00990nam a22002537a 4500001000400000003000600004005001700010008004100027020001800068040002900086050000800115082001500123100002300138245005300161250003000214260003500244300002400279505000700303520034500310521002900655521001900684650001300703650002000716281FISKH20240627115323.0230316b cb ||||| |||| 00| 0 eng d a9781786178787 aFISKHbengcFISKHdFISKH aPZ7 a823.010837 aGallagher, Belinda aMonster stories : bClassic stories to treasure/ aThis edition printed 2019 aThaxted : bMiles Kelly,c2017 a384 pages :c23 cm. aR  aThis fiercely entertaining collection is packed with tales of dragons, ogres, giants, sea serpents and other weird and wonderful monsters from children's literature. Stories are divided into sections including Scales and Tails and Weird and Wonderful Beasts so that children can decide what type of monster they would like to discover next.8 a780 bLexile adjusted 8 aR bRaz-Plus amonsters amonster stories